Linear systems (Record no. 114035)

MARC details
000 -LEADER
fixed length control field 00435 a2200169 4500
005 - DATE AND TIME OF LATEST TRANSACTION
control field 20250329112113.0
008 - FIXED-LENGTH DATA ELEMENTS--GENERAL INFORMATION
fixed length control field 250305b |||||||| |||| 00| 0 eng d
020 ## - INTERNATIONAL STANDARD BOOK NUMBER
International Standard Book Number 9780849392177
080 ## - UNIVERSAL DECIMAL CLASSIFICATION NUMBER
Universal Decimal Classification number 517.956
Item number ALO/L
100 ## - MAIN ENTRY--PERSONAL NAME
Personal name Alok Sinha
245 ## - TITLE STATEMENT
Title Linear systems
Remainder of title : optimal and robust control
260 ## - PUBLICATION, DISTRIBUTION, ETC. (IMPRINT)
Name of publisher, distributor, etc CRC Press
Place of publication, distribution, etc Boca Raton
Date of publication, distribution, etc 2009
300 ## - PHYSICAL DESCRIPTION
Extent 472p.
653 ## - INDEX TERM--UNCONTROLLED
Uncontrolled term Linear systems
653 ## - INDEX TERM--UNCONTROLLED
Uncontrolled term Control theory
942 ## - ADDED ENTRY ELEMENTS (KOHA)
item type Books
Holdings
Lost status Source of classification or shelving scheme Not for loan Home library Current library Date acquired Cost, normal purchase price Total Checkouts Full call number Barcode Date last seen Cost, replacement price Price effective from Koha item type
  Universal Decimal Classification   University Library University Library 30/12/2024 556.00   517.956 ALO/L 00096364 30/12/2024 695.00 30/12/2024 Books
University Library, CUSAT